| 000 | 00961cam a22002891i 4500 | ||
|---|---|---|---|
| 001 | 7827249 | ||
| 003 | EG-ScBUE | ||
| 005 | 20230611103344.0 | ||
| 008 | 781205k19331934enka f b 000 0 eng d | ||
| 035 | _a(OCoLC)4421118 | ||
| 040 |
_aDLC _beng _erda _cScU _dDLC _dEG-ScBUE |
||
| 082 | 0 | 4 |
_222 _a940.3 _bCHU |
| 100 | 1 |
_aChurchill, Winston, _d1874-1965, _eauthor. |
|
| 245 | 1 | 4 |
_aThe great war / _cby the Right Hon. Winston S. Churchill, C.H., M.P. |
| 264 | 1 |
_aLondon : _bGeorge Newnes Limited, _c[1933-1934] |
|
| 300 |
_a3 volumes : _billustrations ; _c26 cm |
||
| 336 |
_2rdacontent _atext _btxt |
||
| 337 |
_2rdamedia _aunmediated _bn |
||
| 338 |
_2rdacarrier _avolume _bnc |
||
| 504 | _aIncludes bibliographical references. | ||
| 505 | 0 | _aVolume 1 -- Volume 2 -- Volume 3. | |
| 650 | 7 |
_aWorld War, 1914-1918. _2BUEsh |
|
| 655 | _vReading book | ||
| 906 |
_a7 _bcbc _coclcrpl _du _encip _f19 _gy-gencatlg |
||
| 942 |
_2ddc _cBB |
||
| 999 |
_c30466 _d30437 |
||